SULA & JA (Record no. 9694)
[ view plain ]
| 000 -LEADER | |
|---|---|
| fixed length control field | 00406nam a22001577a 4500 |
| 003 - CONTROL NUMBER IDENTIFIER | |
| control field | OSt |
| 005 - DATE AND TIME OF LATEST TRANSACTION | |
| control field | 20251022061916.0 |
| 008 - FIXED-LENGTH DATA ELEMENTS--GENERAL INFORMATION | |
| fixed length control field | 251022b |||||||| |||| 00| 0 eng d |
| 020 ## - INTERNATIONAL STANDARD BOOK NUMBER | |
| International Standard Book Number | 9789966066206 |
| 040 ## - CATALOGING SOURCE | |
| Transcribing agency | NO BOUNDARIES LTD |
| 050 ## - LIBRARY OF CONGRESS CALL NUMBER | |
| Classification number | PR 9405.9 .B36 2015 |
| 245 ## - TITLE STATEMENT | |
| Title | SULA & JA |
| Statement of responsibility, etc. | BANDA-AAKU, ELLEN |
| 250 ## - EDITION STATEMENT | |
| Edition statement | 1ST EDITION |
| 260 ## - PUBLICATION, DISTRIBUTION, ETC. | |
| Place of publication, distribution, etc. | NAIROBI,KENYA |
| Name of publisher, distributor, etc. | NO BOUNDARIES LTD |
| Date of publication, distribution, etc. | 2015 |
| 942 ## - ADDED ENTRY ELEMENTS (KOHA) | |
| Source of classification or shelving scheme | Library of Congress Classification |
| Koha item type | Books |
| Suppress in OPAC | No |
No items available.